| 000 | 00682nam a2200217 a 4500 | ||
|---|---|---|---|
| 005 | 20240605063852.0 | ||
| 008 | 150428s2009 ag r 000 0 spa d | ||
| 020 | _a9789507867392 | ||
| 035 | _aUPN01000203089 | ||
| 049 | _aCG | ||
| 050 | 4 |
_aLB1027.43 _bG5.2 |
|
| 100 | 1 |
_aGil de Fainschtein, Natalia _937158 |
|
| 245 | 1 | 1 |
_a¿Cómo planificar proyectos creativos en el aula y en la institución? / _cNatalia Gil de Fainschtein. |
| 260 |
_aBuenos Aires : _bBiblos, _c2009. |
||
| 300 |
_a89 p. : _bil. |
||
| 440 | 0 |
_aRespuestas. _pDesafíos |
|
| 650 | 4 |
_aMétodo de proyectos en la enseñanza _94050 |
|
| 650 | 7 |
_aAptitud creadora _2 _91354 |
|
| 905 | _aLibro | ||
| 999 |
_c175190 _d175190 |
||